Bottom 10 Duolingo languages for English speakers. - Statistics

General Stats
  • This quiz has been taken 56 times
  • The average score is 4 of 10
Answer Stats
Hint Answer % Correct
470K Swahili
52%
296K Esperanto
50%
444K Hungarian
50%
274K Navajo
50%
298K Klingon
48%
262K Zulu
46%
456K Scottish Gaelic
42%
572K Welsh
33%
476K Haitian Creole
29%
255K Yiddish
21%
No matching quizzes found
Score Distribution
Percent of People with Each Score
Percentile by Number Answered
Your Score History
You have not taken this quiz